[Event "Linares 18th"]
[Site "Linares"]
[Date "2001.02.24"]
[Round "2"]
[White "Karpov, Anatoly"]
[Black "Grischuk, Alexander"]
[Result "1/2-1/2"]
[WhiteElo "2679"]
[BlackElo "2663"]
[Annotator "Tsesarsky,I"]
[PlyCount "40"]
[EventDate "2001.02.23"]
[EventType "tourn"]
[EventRounds "10"]
[EventCountry "ESP"]
[EventCategory "19"]
[SourceTitle "CBM 082"]
[Source "ChessBase"]
[SourceDate "2001.05.17"]
[SourceVersion "1"]
[SourceVersionDate "2001.05.17"]
[SourceQuality "1"]

1. d4 d5 2. c4 e6 3. Nf3 c6 4. Qc2 dxc4 5. Qxc4 Nf6 6. Bg5 b5 7. Qc2 Bb7 8. e4
({another mainline is} 8. e3 {-in my opinion, better than move in the text.})
8... Nbd7 9. Nbd2 ({In case of} 9. Bd3 {Black's plan is to prepare c6-c5
promotion:} a6 $1 (9... h6 $6 10. Bxf6 Nxf6 11. O-O Be7 12. Nbd2 Qb6 13. Nb3
Nd7 14. Rac1 $14 {1-0 Kharlov,A-Fressinet,L/Saint Vincent 2000/CBM 78 (66)})
10. a4 h6 11. Bh4 (11. Bxf6 $5) 11... Qb6 12. Nbd2 c5 $11 {1/2-1/2 Lastin,
A-Grischuk,A/Elista 2000/CBM 79 no vc (19)}) ({Active} 9. e5 {met by} h6 $1 10.
Bd2 Nd5 11. Nc3 {[%cal Gc3e4]} a6 (11... Nxc3 $6 12. bxc3 Be7 13. Qe4 Qb6 14.
Qg4 g6 15. Be2 a6 16. a4 (16. h4 $5) 16... bxa4 17. O-O a3 18. Rfb1 $16 {
1/2-1/2 Hellsten,J-Fressinet,L/Brussels 2000/EXT 2001 (47)}) 12. Ne4 (12. Nxd5
cxd5 13. Bd3 Rc8 14. Qb3 Nb6 {[%cal Gb6c4]} 15. Ba5 Rc6 16. O-O Qc8 17. Bxb6
Rxb6 18. Rac1 Rc6 $11) 12... Rc8 $1 {[%cal Gc6c5]} 13. a4 c5 $132) 9... a6 (
9... Qb6 10. a4 {-see commented game 1-0 Krasenkow,M-Markowski,T/Plock 2000/
CBM 78 (55)[Huzman,A]}) 10. a4 $146 ({Modest move} 10. Be2 {allows to Black
equalize after} c5 11. dxc5 (11. d5 exd5 12. e5 h6 13. Bh4 g5 14. Bg3 Ne4 15.
Nxe4 dxe4 16. Nd2 h5 17. h4 e3 18. fxe3 Bxg2 $17 {1-0 Yevseev,D-Mehyo,A/
Pardubice 2000/EXT 2001 (42)}) 11... Bxc5 12. e5 Rc8 13. Qd3 h6 14. exf6 hxg5
15. fxg7 Rg8 16. Ne4 (16. Qh7 Nf6 17. Qh8 g4 $17) 16... Bxe4 17. Qxe4 Qa5+ 18.
Kf1 Rxg7 19. h4 $11) 10... h6 $1 {[%mdl 260] This move Grischuk plays also in
position with Pe3 instead of e4 - see commented game Gurevich M - Grischuk A ,
World Cup of Rapid Chess KO, CBM 82,[Tsesarsky,I]} 11. Bxf6 ({Karpov doesn't
want to play complicated position after} 11. Bh4 g5 12. Bg3 c5 $132) 11... Qxf6
12. e5 Qd8 {This position looks with slight White advantage, but it is
illusion. Black has sufficient counterplay, connected, first of all, with
c6-c5 promotion.} 13. Bd3 Be7 14. O-O O-O 15. Ne4 ({Another try to get
advantage is} 15. Bh7+ Kh8 16. Be4 {but after} Qb6 $1 {Black neutralises
White's pressure:} (16... bxa4 $6 17. Rxa4 Nb6 18. Raa1 Nd5 19. Nb3 $14) 17.
Nb3 Rac8 18. Rfc1 c5 19. Bxb7 Qxb7 20. axb5 axb5 (20... cxd4 21. bxa6 $16) 21.
dxc5 Nxc5 $11) 15... c5 {after this planning move position will simplify:} 16.
axb5 axb5 17. dxc5 Rxa1 18. Rxa1 Bxe4 19. Bxe4 Nxc5 20. g3 Qb6 1/2-1/2

[Event "FRA-chT poule haute"]
[Site "France"]
[Date "2003.05.07"]
[Round "8.4"]
[White "Tregubov, Pavel V"]
[Black "Flear, Glenn C"]
[Result "1-0"]
[WhiteElo "2612"]
[BlackElo "2503"]
[Annotator "Tsesarsky,I"]
[PlyCount "97"]
[EventDate "2003.05.07"]
[EventType "team"]
[EventRounds "4"]
[EventCountry "FRA"]
[SourceTitle "CBM 095"]
[Source "ChessBase"]
[SourceDate "2003.07.25"]
[SourceVersion "1"]
[SourceVersionDate "2003.07.25"]
[SourceQuality "1"]
[WhiteTeam "Clichy"]
[BlackTeam "Montpellier"]
[WhiteTeamCountry "FRA"]
[BlackTeamCountry "FRA"]

1. d4 d5 2. Nf3 Nf6 3. c4 e6 4. e3 c5 5. cxd5 Nxd5 6. e4 Nc7 $6 {Unbelievable
- this move is novelty!} ({Before this game Black played} 6... Nf6 7. Nc3 {
Most popular continuation.} (7. e5 {Not the best move.} Nd5 (7... Nfd7 8. d5
exd5 9. Qxd5 Nc6 10. Bb5 $14 {1/2-1/2 Pert,N-Aagaard,J/Oakham 2000/CBM 75 ext 
(62)}) 8. Bg5 Qa5+ 9. Qd2 Qxd2+ 10. Nbxd2 $11 {1/2-1/2 Mueller,M-Berthold,A/
Germany 1996/EXT 99 (15)}) (7. Bg5 {This pin isn't effective.} Be7 8. Bb5+ Bd7
9. Bxd7+ Nbxd7 10. e5 Nd5 11. Bxe7 Nxe7 12. O-O cxd4 13. Qxd4 Nc6 $11 {1/2-1/2
Michez Viotte,A-Fernandez Quintero,J/Malaga 1999/EXT 2002 (55)}) 7... cxd4 8.
Nxd4 (8. Qxd4 Qxd4 9. Nxd4 a6 (9... Bb4 10. f3 a6 11. Be3 e5 12. Nb3 Nc6 13.
Kf2 Be6 14. Nc5 Bxc5 15. Bxc5 O-O-O 16. Be2 Rd2 17. Rab1 Rhd8 (17... Nd4 $2 18.
Ke3 Rxe2+ 19. Nxe2 Nxe2 20. Kxe2 Bxa2 21. Rbc1 $18 {1-0 Burmakin,V-Buss,R/Biel
2000/CBM 77 ext (31)}) 18. Be3 R2d6 $14) 10. Bf4 (10. e5 Nfd7 11. f4 b5 12. Be2
Bb7 $132 {1/2-1/2 Caoili,A-Tatai,S/Bratto 2001/EXT 2002 (22)}) 10... Bc5 11.
Nb3 Bb4 12. f3 Nc6 13. O-O-O Na5 14. Nxa5 Bxa5 15. Bd6 Bd7 16. b4 Bb6 17. Kb2
$14 {1-0 Franco Ocampos,Z-Guido,F/Saint Vincent 1998/EXT 99 (40)}) 8... Be7 (
8... e5 9. Bb5+ Bd7 10. Bxd7+ Qxd7 11. Nf5 Qxd1+ 12. Kxd1 g6 13. Ne3 Nc6 14.
Ned5 Nxd5 15. Nxd5 O-O-O 16. Ke2 Nd4+ 17. Kd3 Ne6 18. Be3 $14 {1/2-1/2
Ornstein,A-Ernst,T/Uppsala 1985/MCD (61)}) 9. Bb5+ Nfd7 10. O-O O-O 11. Be3 a6
12. Bc4 Ne5 13. Bb3 Nec6 14. Qg4 b5 15. Nxc6 Nxc6 16. Rfd1 Qe8 17. f4 Bb7 18.
f5 $40 {1-0 Lutikov,A-Danov,V/URS 1967/MCD (27)}) ({and} 6... Nb6 7. Nc3 cxd4 (
7... Be7 8. Be3 cxd4 9. Nxd4 O-O 10. Be2 Bd7 11. O-O Na6 12. a4 e5 13. Nf3 Bf6
14. a5 Nc8 15. Qb3 $16 {0-1 Farago,S-Cardon,H/Sas van Gent 1988/EXT 97 (40)})
8. Nxd4 (8. Qxd4 Bd7 9. Nb5 Nc6 10. Nd6+ Bxd6 11. Qxd6 Qe7 12. Bf4 f6 13. O-O-O
e5 14. Be3 Rc8 15. Kb1 Be6 16. Qxe7+ Kxe7 17. b3 Rhd8 $14 {1-0 Eingorn,
V-Franco Ocampos,Z/Pamplona 1991/EXT 2000 (68)}) 8... e5 9. Bb5+ Bd7 10. Nf5
Qf6 11. O-O Nc6 12. a4 Rd8 13. Qg4 $36 {1-0 Lutikov,A-Chernikov,O/Moscow 1966/
MCD (21)}) 7. Nc3 cxd4 8. Nxd4 e5 {Premature move. In this symmetric position
White will arrange initiative , and Black has no sufficient resources to
neutralize it.} (8... Bc5 9. Be3 Nd7 $14) 9. Ndb5 Nxb5 (9... Qxd1+ $143 10.
Kxd1 Nba6 11. Be3 Bd7 (11... b6 12. Bc4 Bd7 13. Ke2 $16) 12. Bxa7 Nxb5 13. Nxb5
$14) 10. Bxb5+ ({In case of} 10. Qxd8+ Kxd8 11. Bxb5 Bc5 {Black gets an
equality:} 12. Bg5+ f6 13. Rd1+ Bd7 14. Bxd7 Nxd7 15. Bc1 Rc8 16. Ke2 Ke7 17.
Nd5+ Ke6 18. b4 Bd4 19. Be3 Rc2+ $11) 10... Nc6 ({In case of} 10... Bd7 {Or}
11. Bc4 $6 ({White replies} 11. Qh5 $1 Qf6 (11... Bd6 12. O-O Bxb5 13. Nxb5 Qd7
(13... O-O 14. Rd1 $18) (13... Qb6 14. Qg4 $18) 14. Qf5 Nc6 15. Rd1 Nd4 16.
Qxd7+ Kxd7 17. Nxd4 exd4 18. Rxd4 $16) 12. O-O Bd6 13. Rd1 Nc6 14. Be3 $16) ({
Not} 11. Be3 $2 Bb4 $11 (11... Bxb5 12. Qxd8+ Kxd8 13. Nxb5 Nc6 14. Ke2 a6 15.
Rhd1+ Ke7 16. Nc7 Rc8 17. Bb6 g6 18. Rac1 $16)) 11... Nc6 12. Qb3 {[%csl Rb7,
Rf7]} Qf6 13. Nd5 (13. Qxb7 $4 Rb8 14. Qc7 (14. Qa6 Bc8 $19) 14... Rc8 $19)
13... Qg6 14. O-O ({Badly is} 14. Nc7+ Kd8 15. Nxa8 Qxg2 16. Bg5+ (16. Rf1
Qxe4+ 17. Be3 (17. Be2 Nd4 $19) 17... Na5 18. Qc3 Nxc4 $19) 16... Qxg5 $17 {
[%csl Re1][%cal Gf8b4]}) 14... Rc8 {[%cal Gc6a5]} 15. Qd3 $132) 11. Qxd8+ Kxd8
12. Be3 Be6 (12... Nd4 $6 13. Bxd4 exd4 14. O-O-O Kc7 15. Rxd4 a6 (15... Bd6
16. Rhd1 Be5 17. Rc4+ Kb8 18. Bd7 $16) 16. Bc4 Bc5 17. Rd2 $16) 13. O-O-O+ Kc8
14. Kb1 a6 {Black can't prevent Nc6 capture and PP chain's damage.} (14... Bb4
15. Nd5 Ba5 16. Rc1 $16) 15. Bxc6 bxc6 {[%csl Ra6,Rc6]} 16. Na4 {[%csl Ra8,Gb6,
Rc5,Rc8][%cal Ga4b6]} Rb8 17. Bc5 $1 $16 {Black lost opening combat. White has
convenient game on the queenside, play against Pc6 and good N vs bad B.} Kc7
18. Rd3 Rb5 19. Rc1 Bxc5 (19... f5 20. f3 g6 21. b3 h5 (21... Bh6 22. Bd6+ $18)
22. Bxf8 Rxf8 23. Nc5 Bc8 24. a4 $16) 20. Nxc5 Bc8 21. a4 Rb4 $6 {Tactical
blunder.} (21... Rb6 22. Ka2 a5 23. Ka3 $16) 22. Rd7+ $1 Bxd7 23. Nxa6+ Kd6 24.
Nxb4 Ra8 25. Rd1+ Kc7 26. b3 Be6 27. Kb2 c5 28. Nd3 (28. Nd5+ Kc6 29. Kc3 $16)
28... Rd8 29. Kc3 Rd4 30. Ra1 $2 $44 {Serious mistake.} ({Right was} 30. Rd2
Kd6 31. Nb2 Kc6 32. Rxd4 exd4+ 33. Kc2 Kb6 34. Nc4+ $16) 30... Bxb3 $1 (30...
Rxe4 31. Nxc5 Re2 32. Nxe6+ fxe6 33. b4 Rxf2 34. a5 $18) 31. Nxc5 (31. a5 Rxe4
32. f3 Rh4 33. a6 Bd5 $132) 31... Rc4+ $4 $18 {Decisive mistake.} ({Strong was
} 31... Bc4 32. a5 (32. f3 Kb6 33. Nb3 (33. Nd7+ Rxd7 34. Kxc4 Rd2 $11) 33...
Bxb3 34. Kxb3 Ka5 $44) 32... Bb5 $44) 32. Kxb3 Rxc5 33. Ra2 Ra5 (33... Kb6 34.
Rc2 Ra5 35. Kb4 $18) 34. Kb4 Ra8 35. a5 Rd8 36. Rc2+ Kb7 37. Kb5 Rd7 38. a6+
Ka7 39. Rc8 f6 40. f3 g6 41. Rf8 Rd2 42. Rf7+ Ka8 43. Rxf6 Rb2+ 44. Kc5 Rxg2
45. h4 Ka7 46. Kd5 Rh2 47. Rf7+ Kxa6 48. Rxh7 Rh3 49. Rg7 1-0

[Event "Pinamar Masters 1st"]
[Site "Pinamar"]
[Date "2001.03.08"]
[Round "1"]
[White "Garcia Palermo, Carlos H"]
[Black "Van Riemsdijk, Herman Claudius"]
[Result "1-0"]
[WhiteElo "2470"]
[BlackElo "2376"]
[Annotator "Tsesarsky,I"]
[PlyCount "41"]
[EventDate "2001.03.08"]
[EventType "tourn"]
[EventRounds "11"]
[EventCountry "ARG"]
[EventCategory "8"]
[SourceTitle "CBM 082"]
[Source "ChessBase"]
[SourceDate "2001.05.17"]
[SourceVersion "1"]
[SourceVersionDate "2001.05.17"]
[SourceQuality "1"]

1. c4 e6 2. d4 Nf6 3. Nf3 d5 4. Bg5 Bb4+ 5. Nbd2 (5. Nc3 {-mainline}) 5... Nbd7
{rather rare move.} ({Much more popular is} 5... dxc4 6. Qc2 (6. a3 Bxd2+ 7.
Qxd2 $11 {- see detailed commented game 0-1 Torre,E-Ivanchuk,V/Istanbul 2000/
EXT 2001 (39)[Tsesarsky,I]}) 6... b5 7. a4 c6 8. Bxf6 gxf6 (8... Qxf6 $2 9.
axb5 cxb5 10. Qe4 $18) 9. g3 Bb7 10. Bg2 Nd7 11. O-O a6 12. b3 $1 $44 {-see
commented game 1-0 Dzindzichashvili,R-Kaidanov,G/Modesto 1995/CBM 51/
[Kortschnoj] (41)} (12. Rfd1 Qb6 13. b3 cxb3 14. Nxb3 c5 $15 {1-0 Skomorokhin,
R-Kharlov,A/Vienna 1996/CBM 53 ext (39)})) (5... h6 6. Bxf6 Qxf6 7. e3 c6 (7...
O-O 8. Qb3 $5 (8. Bd3 dxc4 9. Bxc4 c5 10. O-O cxd4 11. exd4 Nc6 $15 {0-1 Buch,
B-Orlov,V/St Petersburg 1995/EXT 97 (30)}) (8. a3 Be7 9. Qb3 Rd8 10. h4 c5 11.
g4 $13 {1-0 Neverov,V-Kupreichik,V/Koszalin 1999/EXT 2000 (34)})) (7... c5 8.
a3 Ba5 9. b4 cxb4 10. Qa4+ Nc6 11. cxd5 exd5 12. Bb5 $44 {1-0 Lputian,
S-Kupreichik,V/Lvov 1986/EXT 97 (34)}) 8. Bd3 Nd7 9. O-O O-O 10. Rc1 Re8 11.
Bb1 e5 $11 {0-1 Danielsen,H-Greenfeld,A/Debrecen 1992/EU-chT (24)}) 6. cxd5 (6.
a3 Be7 7. e3 O-O 8. Qc2 h6 9. Bh4 Re8 10. Rc1 c6 11. Bd3 dxc4 12. Nxc4 c5 13.
Ncd2 cxd4 14. exd4 $11 {1/2-1/2 Keres,P-Averbakh,Y/Moscow 1948/URS-ch (42)})
6... exd5 7. a3 (7. e3 O-O 8. Bd3 h6 9. Bh4 c5 10. O-O cxd4 11. Nxd4 $14 {
1-0 Moreno,M-Melendez Fierro,J/Zaragoza 1994/TD (35)}) 7... Bd6 {[%cal Gg5d8]}
({I would prefer} 7... Be7) 8. e3 O-O 9. Qc2 c6 10. Bd3 {[%csl Rh7][%cal Gc2h7,
Gg5d8] This position is typical for Carlsbad variation just with a little
difference: Nd2 instead of c3.} Qc7 $6 $14 {Interesting method to escape from
unpleasant pin. But how to continue pieces development? Now Nd7 is connected
with Nf6 protection and obstructs Bc8.} ({I would prefer here also} 10... Be7 {
despit of tempo loss.} 11. O-O Re8 {[%cal Gf6e4]}) 11. O-O a5 12. Rfe1 {
[%csl Rc8,Rd7,Rf6][%cal Ge3e4,Gg5f6,Gc2h7] Right plan!} Re8 13. e4 $1 dxe4 14.
Nxe4 Nxe4 15. Bxe4 h6 $4 $18 {[%mdl 8192]} ({Right was only} 15... g6 $8 16.
Bd3 (16. Re3 Kg7 17. Rae1 h6 18. Bh4 f5 19. Bxf5 (19. Bd3 Rxe3 20. fxe3 $14)
19... Rxe3 20. Rxe3 gxf5 21. Qxf5 Nf8 22. Qf6+ Kg8 23. Bg3 Bxg3 24. Re7 (24.
hxg3 Qg7 $17) 24... Qxe7 25. Qxe7 $14) 16... Rxe1+ 17. Rxe1 Nf8 18. Re8 b6 {
[%cal Gc8b7]} 19. Qe2 Bb7 20. Rxa8 Bxa8 21. Qe8 Bb7 22. Ne5 {[%csl Rc7,Rf7]
[%cal Gg5d8] threatening Bd8+-} Bxe5 $8 23. dxe5 Qd7 24. Qxd7 Nxd7 25. f4 $14 {
[%csl Gd3,Gg5]}) (15... Kh8 $4 16. Bxh7 Rxe1+ 17. Rxe1 g6 18. Bxg6 $18) 16.
Bh7+ Kf8 17. Rxe8+ Kxe8 18. Re1+ Kf8 19. Qe2 Nf6 20. Bxf6 gxf6 21. Qe8+ 1-0

[Event "Budapest zt 1.4"]
[Site "Budapest"]
[Date "2000.06.22"]
[Round "6"]
[White "Chernin, Alexander"]
[Black "Markowski, Tomasz"]
[Result "1-0"]
[WhiteElo "2583"]
[BlackElo "2531"]
[Annotator "Tsesarsky,I"]
[PlyCount "61"]
[EventDate "2000.06.17"]
[EventType "swiss"]
[EventRounds "9"]
[EventCountry "HUN"]
[SourceTitle "CBM 078"]
[Source "ChessBase"]
[SourceDate "2000.10.18"]
[SourceVersion "1"]
[SourceVersionDate "2000.10.18"]
[SourceQuality "1"]

1. d4 d5 2. c4 e6 3. Nf3 c6 4. Bg5 Be7 5. Bxe7 Qxe7 6. e3 (6. Qc2 {-See
comments to the game 1-0 Moiseenko,A-Poluljahov,A/Krasnodar 1999/CBM 75/
[Tsesarsky] (60)}) (6. Nbd2 {-See also comments to the game 1-0 Moiseenko,
A-Poluljahov,A/Krasnodar 1999/CBM 75/[Tsesarsky] (60)}) 6... Nf6 (6... f5 {
-See also comments to the game 1-0 Moiseenko,A-Poluljahov,A/Krasnodar 1999/CBM
75/[Tsesarsky] (60)}) 7. Nc3 O-O 8. Qc2 (8. Bd3 {-See comments to the game 1-0
Moiseenko,A-Poluljahov,A/Krasnodar 1999/CBM 75/[Tsesarsky] (60)}) 8... Nbd7 $5
(8... c5 $6 9. cxd5 exd5 10. Be2 c4 11. b3 Qb4 12. bxc4 dxc4 13. Rb1 Qa5 14.
O-O $16 {1-0 Schroer,Jonathan-Frederick,Robert/Nassau Int Syosset (2) ;EXT
2000 1984 (32)}) 9. cxd5 (9. Rd1 $5 {Continue of fighting for tempo} dxc4 10.
Bxc4 e5 11. O-O exd4 12. Rxd4 Nb6 13. Bd3 $14) (9. O-O-O b6 (9... dxc4 10. Bxc4
e5 11. h3 exd4 12. Rxd4 Nb6 13. Bd3 Be6 14. Ng5 h6 15. Nxe6 Qxe6 16. Rd1 Qe7
$11 {[%cal Ga8d8]}) 10. Kb1 Bb7 $132) 9... exd5 $14 {Carlsbad variation pawn
structure without black colour BB promise to White advantage.} (9... cxd5 $14 {
[%csl Rc8]}) (9... Nxd5 10. Bd3 N7f6 11. a3 $14) 10. Bd3 Re8 11. O-O Nf8 12. a3
{[%cal Gb2b4]} (12. Rab1 $142 Bg4 (12... Ng6 13. b4 Bd7 14. b5 Rac8 15. bxc6
Bxc6 16. Bf5 (16. Bxg6 hxg6 17. Ne5 $14 {[%cal Ge5c6,Gf1c1]}) 16... Bd7 17.
Bxd7 Qxd7 18. Qb3 $14 {[%csl Rb7,Rd5] 1/2-1/2 Beliavsky,A-Gelashvili,T/Saint
Vincent ITA 2000/The Week in Chess 296 (36)}) (12... a5 13. a3) 13. Ne5 Bh5 14.
b4 $14 {[%cal Gb4b5] Khenkin,Igor-Relange,Eloi/Cannes op (5) ;EXT 97 1994/1-0 
(42) -Carlsbad variation}) 12... Ng6 13. Nd2 $1 {[%csl Ge4] Preventing 13...Ne4
} (13. b4 Ne4 $1 14. b5 Bg4 15. Nd2 (15. Bxe4 dxe4 16. Nd2 cxb5 17. Ndxe4 Bf5
18. f3 Rac8 $132) 15... Nxd2 16. Qxd2 Qg5 17. Kh1 $14) 13... Be6 (13... Bg4 14.
h3 $14) 14. b4 {[%cal Gb4b5,Gb5c6] White's plan is standard: "minority Attack"
on the Queenside.} Rad8 (14... a6 15. Na4 $14) 15. Rfc1 (15. b5 $14) 15... a6
16. Na4 Ng4 $6 {Logical, but wrong plan. Better was to organize Queenside
defence.} (16... Bc8 17. Nc5 Nd7 $14) 17. Nf1 {[%csl Ge3,Gf2,Gh2][%cal Gc2f2,
Gf1h2,Gf1e3] Prophylactic measure.} ({Good was also} 17. Nc5 Rd6 18. Nf3 Bc8
19. a4 Nh4 20. Nxh4 (20. Bxh7+ $2 Kh8 $15) 20... Qxh4 21. h3 Nxe3 (21... Rh6
22. b5 Nxe3 23. fxe3 Rxe3 24. Qf2 Qg5 25. Rf1 Rf6 26. Qc2 Rxf1+ 27. Rxf1 Rxh3
28. Qf2 $16) 22. fxe3 Bxh3 23. gxh3 Rxe3 24. Bxh7+ Qxh7 25. Qxh7+ Kxh7 26. Nxb7
$16) 17... Qh4 {Following the same strategy...} (17... Bc8 18. Nc5 $14) 18. Ra2
(18. Nc5 Bc8 19. Ra2 $16) 18... Re7 19. Nc5 Bc8 20. a4 {[%cal Gb4b5]} Rd6 21.
Qd2 {White plays very careful.} (21. h3 $5 $16) 21... Qh6 (21... Rf6 $140 22.
f3 $1 Nh6 23. b5 $16) 22. b5 Nh4 $6 $18 (22... axb5 23. axb5 $16 {[%cal Ga2a8]}
) 23. bxa6 bxa6 (23... b6 24. Nb3 $18) 24. Rb2 {[%cal Gb2b8]} Re8 {Black
Attack is finished.} 25. Rb8 Qg5 (25... Nf6 26. Rcb1 $18) 26. e4 $1 (26. Ng3
$18) 26... Qh5 (26... Qe7 27. e5 Rdd8 28. Qc2 $18) (26... Qxd2 27. Nxd2 dxe4
28. Bxa6 Rdd8 (28... Rxd4 29. Rxc8 Rxc8 30. Bxc8 Rxd2 31. Bxg4 $18) 29. Rxc8
Rxc8 30. Bxc8 Rxc8 31. Ndxe4 Nf5 32. h3 Ngh6 33. Nb3 $18 {[%csl Rh6][%cal
Ga4a5]}) 27. e5 Rh6 (27... Rdd8 28. Rb6 $18) 28. Qf4 Ng6 29. Bxg6 Rxg6 30. h3
Nh6 (30... Nxe5 31. Ng3 (31. dxe5 Rxg2+ 32. Kxg2 Bxh3+ 33. Kg1 Rxb8 34. e6 Qg6+
35. Ng3 $16) 31... Rxg3 32. Qxg3 $18) 31. Ng3 1-0